000 00835nac a22002531i 4500
003 EG-ScBUE
005 20250729102159.0
008 250729t1966 enka f b 001 0 eng d
040 _aEG-ScBUE
_beng
_erda
_cEG-ScBUE
_dEG-ScBUE
082 0 4 _a543.085
_bBOU
_222
100 1 _aBoumans, P. W. J. M.,
_eauthor.
245 1 0 _aTheory of spectrochemical excitation /
_c[by] P. W. J. M. Boumans.
264 1 _aLondon :
_bHilger & Watts,
_c[1966]
264 4 _cc1966
300 _axi, 383 pages :
_billustrations ;
_c25 cm
336 _2rdacontent
_atext
_btxt
337 _aunmediated
_2rdamedia
_bn
338 _avolume
_bnc
_2rdacarrier
504 _aIncludes bibliographical references and index.
650 7 _aSpectrum analysis.
_2BUEsh
655 _vReading book
942 _cBB
_2ddc
999 _c3085
_d3085